000 00464nam a2200193Ia 4500
005 20240823032839.0
008 240823s9999||||xx |||||||||||||| ||und||
020 _a978-81-309-1452-7
041 _aENGLISH
082 _A823. Q0
100 _aJohn Thieme
245 0 _aR K Narayan Contemporary World Writers
250 _a1st
260 _c2010
_b"Viva Books, Privated Li"
500 _aYES
650 _aWriters
_bGeneral
942 _cBK
999 _c194400
_d194400